000 00863nam a2200193 a 4500
008 120925s2008 ||||||||||||||||| || u
020 _a9780415393690
050 _aKD 175.C6 Mur
100 _aHughes, Will
245 1 0 _aConstruction contracts: law and management. -- 4th ed.
_cby John Murdoch and Will Hughes
250 _a4th ed.
260 _aLondon:
_bTaylor & Francis
_c2008
300 _axxvi, 401p.: ill.
500 _aDonated by Counsellor Kang'ombe
650 _aCONSTRUCTION CONTRACTS--GREAT BRITAIN
700 _aMurdoch, John
995 _aMAIN LIBRARY OPEN ACCESS
_e743389
_FCBU-MAIN LIBRARY (Kitwe)
_jKD 175.C6 Mur
_M2
_UAVAILABLE
_WOct 4, 2012
_y743389
_ZMain Library Open Access Collection
995 _aMAIN LIBRARY OPEN ACCESS
_e743388
_FCBU-MAIN LIBRARY (Kitwe)
_jKD 175.C6 Mur
_M1
_UAVAILABLE
_WOct 4, 2012
_y743388
_ZMain Library Open Access Collection
999 _c79766
_d79766